000 00989naa a22003137a 4500
001 BR8007241
003 BR-BrBNA
005 20240918174710.0
007 ta
008 230509b bl.||||| |||| 00| 0 por d
040 _aBR-BrBNA
_bpor
_cBiblioteca Nacional de Agricultura
041 _a(Pt)
072 _aF30; H00; F40
_b0230
090 _aF30 BR8007241
100 1 _aMatsuoka, S.
245 1 _aMelhoramento da cana-de-acucar; porque, como, para que
260 3 _aAraras, SP (Brasil):
_c[nd].
500 _aMelhoramento da cana-de-acucar Araras, SP (Brasil): [nd]. p. 3-24 (BR8007241-AM)F30
650 _aCANA DE ACUCAR
650 _aEQUILIBRIO ECOLOGICO
650 _aDOENCA DE PLANTA
650 _aPRAGA DE PLANTA
650 _aVARIEDADE
650 _aSELECAO GENETICA
650 _aCRUZAMENTO VEGETAL
773 0 _tMelhoramento da cana-de-acucar
_wF30 BR8007241
_gAraras, SP (Brasil), [nd]. p. 3-24
909 _a202404
_bLucia
_c55
_dLucia Elande
942 _cAM
_2AGRIS
999 _c312966
_d312966